000 01280cam a2200325 a 4500
999 _c529564
_d529564
001 583554
003 NUST
005 20190927153808.0
008 901017s1990 dcua b 000 0 eng
010 _a 90071668
020 _a0309049164 :
_c$10.00
038 _aMSOHAIL
040 _aDLC
_cDLC
_dDLC
043 _an-us---
050 0 0 _aTE180
_b.S738 1990
082 _a0
100 1 _aSternbach, Jack.
_921701
245 1 0 _aContract management systems /
_cJack Sternbach ; topic panel, Verdi Adam ... [et al.].
260 _aWashington, D.C. :
_bTransportation Research Board, National Research Council,
_c[1990]
300 _a74 p. :
_bill. ;
_c28 cm.
440 0 _aSynthesis of highway practice,
_x0547-5570 ;
_v168
_921852
500 _a"December 1990."
504 _aIncludes bibliographical references (p. 61).
650 0 _aHighway engineering
_xSpecifications
_zUnited States.
_921853
650 0 _aRoad construction contracts
_zUnited States
_xManagement.
_921854
710 2 _aNational Research Council (U.S.).
_bTransportation Research Board.
_919676
906 _a7
_bcbc
_corignew
_d2
_eopcn
_f19
_gy-gencatlg
942 _2ddc
_cBK